|
|
|
|
| LEADER |
00000nam0a2200000 4500 |
| 001 |
150767 |
| 005 |
20231101221518.0 |
| 010 |
|
|
|a 9785947743531
|
| 035 |
|
|
|a (RuTPU)RU\TPU\book\163467
|
| 090 |
|
|
|a 150767
|
| 100 |
|
|
|a 20090114d2009 km y0rusy50 ca
|
| 101 |
1 |
|
|a rus
|c eng
|
| 102 |
|
|
|a RU
|
| 105 |
|
|
|a a z 001zy
|
| 200 |
1 |
|
|a Нечеткое моделирование и управление
|e пер. с англ.
|f А. Пегат
|
| 210 |
|
|
|a Москва
|c БИНОМ. Лаборатория знаний
|d 2009
|
| 215 |
|
|
|a 798 с.
|c ил.
|
| 225 |
1 |
|
|a Адаптивные и интеллектуальные системы
|
| 320 |
|
|
|a Библиогр.: с. 767-785.
|
| 320 |
|
|
|a Предметный указатель: с. 786-794.
|
| 330 |
|
|
|a Дается развернутое введение в проблемы нечеткого и нейронечеткого моделирования применительно к задаче управления системами. Материал основан на новейших результатах в данной области и иллюстрируется многочисленными примерами. Для специалистов в области нечеткого и нейронечеткого моделирования и управления, а также студентов и аспирантов соответствующих специальностей.
|
| 606 |
1 |
|
|a Нечеткое моделирование
|2 stltpush
|3 (RuTPU)RU\TPU\subj\68852
|9 83960
|
| 606 |
1 |
|
|a Нечеткие системы управления
|x (математия)
|2 stltpush
|3 (RuTPU)RU\TPU\subj\68853
|
| 610 |
1 |
|
|a нечеткое управление
|
| 610 |
1 |
|
|a нечеткие множества
|
| 610 |
1 |
|
|a нечеткая арифметика
|
| 610 |
1 |
|
|a нечеткая математика
|
| 610 |
1 |
|
|a нечеткие модели
|
| 610 |
1 |
|
|a устойчивость
|
| 610 |
1 |
|
|a нечеткие отношения
|
| 610 |
1 |
|
|a импликация
|
| 610 |
1 |
|
|a экстраполяция
|
| 610 |
1 |
|
|a нечеткие регуляторы
|
| 610 |
1 |
|
|a гиперустойчивость
|
| 610 |
1 |
|
|a интеллектуальные системы
|
| 675 |
|
|
|a 519.876
|v 3
|
| 675 |
|
|
|a 517.977
|v 3
|
| 700 |
|
1 |
|a Пегат
|b А.
|g Анджей
|
| 801 |
|
1 |
|a RU
|b 63413507
|c 20090114
|g PSBO
|
| 801 |
|
2 |
|a RU
|b 63413507
|c 20150508
|g RCR
|
| 942 |
|
|
|c BK
|
| 959 |
|
|
|a 4/20090113
|d 1
|e 0
|f ЧЗТЛ:1
|
| 959 |
|
|
|a 81/20090817
|d 2
|e 495,00
|f АНЛ:1
|f ЧЗТЛ:1
|